| 000 | 00922nam a22002535a 4500 | ||
|---|---|---|---|
| 003 | OSt | ||
| 005 | 20170221121705.0 | ||
| 008 | 161120s2015 ua frb 000 0 ara d | ||
| 015 | _22004 / 15746 | ||
| 020 | _a9770445363 | ||
| 040 |
_aEG-ScBUE _bara _cEG-ScBUE |
||
| 082 | 0 | 4 |
_a341.42 _bأ ب و _222 |
| 100 | 1 |
_aأبو زيد، عبد الناصر. _940946 |
|
| 245 | 1 | 0 |
_aمنازعات الحدود الدولية : _bدراسة تطبيقية / _cعبد الناصر أبو زيد. |
| 250 | _aط. 3. | ||
| 260 |
_aالقاهرة : _bدار النهضة العربية، _c2015. |
||
| 300 |
_a155 ص. ؛ _c24 سم. |
||
| 504 | _aيشتمل على إرجاعات ببليوجرافية. | ||
| 650 | 7 |
_2BUEsh _aالحدود الدولية (قانون دولي) |
|
| 650 | 7 |
_2BUEsh _aالمنازعات الدولية (قانون دولي) _927936 |
|
| 651 | _2BUEsh | ||
| 653 |
_bLLAAWW _cFebruary2017 |
||
| 942 | _2ddc | ||
| 999 |
_c24218 _d24190 |
||